Measuring and assessing capacity in fisheries

Uloženo v:
Podrobná bibliografie
Hlavní autor: S. Pascoe ... [et al.]
Médium: Kniha
Jazyk:Undetermined
Vydáno: Rome, Italy FAO 2003
Témata:
Tagy: Přidat tag
Žádné tagy, Buďte první, kdo otaguje tento záznam!
Thư viện lưu trữ: Trung tâm Học liệu Trường Đại học Cần Thơ
LEADER 00499nam a2200181Ia 4500
001 CTU_59771
008 210402s9999 xx 000 0 und d
082 |a 639.2 
082 |b M484/T2 
100 |a S. Pascoe ... [et al.] 
245 0 |a Measuring and assessing capacity in fisheries 
245 0 |c S. Pascoe ... [et al.] 
260 |a Rome, Italy 
260 |b FAO 
260 |c 2003 
650 |a fish-culture,fisheries 
904 |i Minh 
980 |a Trung tâm Học liệu Trường Đại học Cần Thơ